| 000 | 00558nam a2200205Ia 4500 | ||
|---|---|---|---|
| 005 | 20250923150014.0 | ||
| 008 | 008 250917s9999 xx 000 0 eng d | ||
| 037 | _aTextual | ||
| 040 |
_aDSWL _beng _cDSWL |
||
| 041 |
_aeng _2eng |
||
| 084 |
_aY150aWx4, N98;1 _qDSWL |
||
| 245 | 0 |
_aAppropriating gender _cEd. by P. Jeffery |
|
| 260 |
_aNew York _b Routledge _c1998 |
||
| 300 | _axi,276 p. | ||
| 365 |
_aGBP _b12.99 |
||
| 700 |
_a A. Basu _9841209 |
||
| 925 | _g12.99 | ||
| 942 |
_cTEXL _hY150aWx4, N98;1 |
||
| 999 |
_c1458412 _d1458412 |
||